Online
Catalog

Chronic treatments in neuropsychiatry / (Record no. 11131)

MARC details
000 -CABECERA
campo de control de longitud fija 00799cam a2200217 a 4500
001 - NÚMERO DE CONTROL
campo de control 000011429
005 - FECHA Y HORA DE LA ÚLTIMA TRANSACCIÓN
campo de control 20200929162441.0
008 - DATOS DE LONGITUD FIJA--INFORMACIÓN GENERAL
campo de control de longitud fija 850412s1985 xxua b 001 0 eng c
040 ## - FUENTE DE LA CATALOGACIÓN
Centro catalogador/agencia de origen DO-SdBNP
Lengua de catalogación spa
Centro/agencia transcriptor BNPHU
082 ## - NÚMERO DE LA CLASIFICACIÓN DECIMAL DEWEY
Número de clasificación nnn
Número de documento/Ítem C557t
245 00 - MENCIÓN DE TÍTULO
Título Chronic treatments in neuropsychiatry /
Mención de responsabilidad, etc. volume editors, Dargut Kemali, Giorgio Racagni.
260 ## - PUBLICACIÓN, DISTRIBUCIÓN, ETC.
Lugar de publicación, distribución, etc. New York :
Nombre del editor, distribuidor, etc. Raven Press,
Fecha de publicación, distribución, etc. 1985.
300 ## - DESCRIPCIÓN FÍSICA
Extensión xv, 219 p. :
Otras características físicas il. ;
Dimensiones 27 cm.
490 1# - MENCIÓN DE SERIE
Mención de serie Advances in biochemical psychopharmacology
Designación de volumen o secuencia 40
500 ## - NOTA GENERAL
Nota general Incluye índice
504 ## - NOTA DE BIBLIOGRAFÍA, ETC.
Nota de bibliografía, etc. Incluye referencias bibliográficas al final de los capítulos
590 ## - NOTA LOCAL (RLIN)
Nota local Inventariado, 2019 /LP
700 1# - PUNTO DE ACCESO ADICIONAL--NOMBRE DE PERSONA
Nombre de persona Racagni, Giorgio,
Término indicativo de función/relación editor
9 (RLIN) 27104
700 1# - PUNTO DE ACCESO ADICIONAL--NOMBRE DE PERSONA
Nombre de persona Kemali, Dargut,
Término indicativo de función/relación editor
9 (RLIN) 27105
830 #0 - PUNTO DE ACCESO ADICIONAL DE SERIE-TÍTULO UNIFORME
Título uniforme Advances in biochemical psychopharmacology
Designación de volumen o secuencia 40
9 (RLIN) 27106
Holdings
Estado de retiro Estado de pérdida Restricciones de uso No para préstamo Código de colección Localización permanente Ubicación/localización actual Ubicación en estantería Fecha de adquisición Número de inventario Total de préstamos Signatura topográfica completa Código de barras Fecha visto por última vez Precio válido a partir de Tipo de ítem Koha
      Excluido de préstamo Monografías: Libros y Folletos General General Depósito 16.10.2009 LF1   nnn C557t 11429-10 25.06.2020 25.06.2020 No se presta

Powered by Koha